[Event "Belgrade Summer op"]
[Site "Belgrade"]
[Date "2009.06.07"]
[Round "5"]
[White "Andrejevic, Miladin"]
[Black "Jovic, Branko"]
[Result "0-1"]
[WhiteElo "1950"]
[BlackElo "1866"]
[PlyCount "94"]
[EventDate "2009.06.02"]
[EventType "swiss"]
[EventRounds "9"]
[EventCountry "SRB"]
[SourceTitle "EXT 2019"]
[Source "ChessBase"]
[SourceDate "2018.10.10"]
[SourceVersion "1"]
[SourceVersionDate "2018.10.10"]
[SourceQuality "1"]

1. e4 c5 2. Nf3 e6 3. d4 cxd4 4. Nxd4 Nc6 5. Nc3 a6 6. Be2 Qc7 7. 0-0 Nf6 8. Be3 Bb4 9. Na4 Be7 10. Bd3 d5 11. Nxc6 bxc6 12. exd5 cxd5 13. Nb6 Rb8 14. Nxc8 Qxc8 15. b3 0-0 16. Ba7 Ra8 17. Bd4 Nd7 18. Re1 Bf6 19. Bxf6 Nxf6 20. Re5 Qc7 21. Qe2 g6 22. Re1 Ne4 23. f4 Qc5+ 24. Kf1 Nf6 25. h4 h5 26. Rg5 Ng4 27. Rxg4 hxg4 28. Qxg4 Qe7 29. h5 Qf6 30. hxg6 fxg6 31. g3 Kf7 32. Re5 Rh8 33. Kg2 Rh6 34. c4 Rd8 35. c5 Rdh8 36. c6 Qe7 37. f5 gxf5 38. Bxf5 Qf6 39. Rxe6 Qb2+ 40. Re2 Rh2+ 41. Kf1 Rh1+ 42. Kf2 R8h2+ 43. Ke3 Qe5+ 44. Kd3 Rd1+ 45. Kc2 Rc1+ 46. Kxc1 Qc3+ 47. Bc2 Rh1+ 0-1

[Event "Belgrade Summer op"]
[Site "Belgrade"]
[Date "2009.06.04"]
[Round "3"]
[White "Jovic, Branko"]
[Black "Vujosevic, Dimitrije"]
[Result "0-1"]
[WhiteElo "1866"]
[BlackElo "1966"]
[PlyCount "148"]
[EventDate "2009.06.02"]
[EventType "swiss"]
[EventRounds "9"]
[EventCountry "SRB"]
[SourceTitle "EXT 2019"]
[Source "ChessBase"]
[SourceDate "2018.10.10"]
[SourceVersion "1"]
[SourceVersionDate "2018.10.10"]
[SourceQuality "1"]

1. e4 Nf6 2. e5 Nd5 3. d4 d6 4. c4 Nb6 5. Nf3 g6 6. exd6 cxd6 7. Be3 Bg7 8. Nc3 0-0 9. Be2 Nc6 10. 0-0 a6 11. Rc1 Bg4 12. Ne4 d5 13. Nc5 Nxc4 14. Nxb7 Qc7 15. Nc5 Nxb2 16. Qc2 Nc4 17. Bxc4 dxc4 18. Qxc4 Bxf3 19. gxf3 Rfc8 20. Qe2 Nxd4 21. Bxd4 Bxd4 22. Nxa6 Qd6 23. Rxc8+ Rxc8 24. Rb1 Ra8 25. Nb4 Rb8 26. a3 Qf6 27. Qe4 Qg5+ 28. Kh1 Bxf2 29. Rf1 Bc5 30. Re1 Rd8 31. Qg4 Qd2 32. Qe4 Bd6 33. Qe2 Qf4 34. Nd5 Qh4 35. Rg1 Bxa3 36. Rg4 Qh3 37. Rg3 Qd7 38. Ne3 Bc5 39. Ng4 Qd1+ 40. Qxd1 Rxd1+ 41. Kg2 Rg1+ 42. Kh3 Rxg3+ 43. hxg3 Kg7 44. Kg2 f6 45. Nh2 h5 46. Nf1 e5 47. Nd2 f5 48. g4 Be3 49. Nc4 Bf4 50. Kh3 hxg4+ 51. fxg4 e4 52. gxf5 gxf5 53. Kg2 Kf6 54. Kf2 Ke6 55. Na3 Kd5 56. Nc2 Kc4 57. Ke2 Bg5 58. Na3+ Kb4 59. Nc2+ Kc3 60. Na3 f4 61. Nb5+ Kc4 62. Nd6+ Kd5 63. Nb5 Bf6 64. Nc7+ Ke5 65. Nb5 Bd8 66. Nc3 Ba5 67. Nd1 Kd4 68. Nb2 f3+ 69. Kf2 Kc3 70. Na4+ Kb4 71. Nb2 Bb6+ 72. Kf1 Bd4 73. Nd1 e3 74. Nf2 e2+ 0-1

[Event "Belgrade-ch"]
[Site "Belgrade"]
[Date "2009.02.01"]
[Round "9"]
[White "Jovic, Branko"]
[Black "Kalinic, Dusan"]
[Result "1/2-1/2"]
[WhiteElo "1848"]
[BlackElo "1899"]
[PlyCount "48"]
[EventDate "2009.01.24"]
[EventType "swiss"]
[EventRounds "9"]
[EventCountry "YUG"]
[SourceTitle "CBM 128 Extra"]
[Source "ChessBase"]
[SourceDate "2009.03.05"]
[SourceVersion "2"]
[SourceVersionDate "2009.03.25"]
[SourceQuality "1"]

1. e4 c5 2. Nf3 d6 3. d4 cxd4 4. Nxd4 Nf6 5. Nc3 a6 6. Be3 e5 7. Nb3 Be6 8. Be2 Be7 9. 0-0 0-0 10. a4 Nbd7 11. f3 b6 12. Nd5 Nxd5 13. exd5 Bf5 14. Bd3 Bxd3 15. Qxd3 Nc5 16. Bxc5 bxc5 17. Nd2 Bg5 18. Nc4 f5 19. a5 Bf4 20. g3 Qg5 21. Rf2 Qg6 22. Rg2 e4 23. fxe4 fxe4 24. Qe2 Bh6 1/2-1/2